| 000 | 00000nam##2200000za#4500 |
| 001 | 9.646438 |
| 003 | CaOODSP |
| 005 | 20200330130743 |
| 007 | ta |
| 008 | 150407|1997||||xxc||||| f|0| 0 eng|d |
| 020 | |a0-662-25334-5 |
| 040 | |aCaOODSP|beng |
| 043 | |an-cn--- |
| 086 | 1 |aR64-197/1-1997E |
| 110 | 1 |aCanada.|bCanadian Heritage. |bParks Canada. |
| 245 | 10|aNational Parks System Plan |
| 250 | |aThird edition. |
| 260 | |aOttawa - Ontario : |bCanadian Heritage. |c1997. |
| 300 | |a106p. : |bcoloured illus., maps, table ; |c28 cm. |
| 500 | |a"The purpose of this report is to familiarize the reader with the 39 terrestrial national park regions of Canada (Map 1), to identify regions presently represented by national parks, and to introduce those regions not yet represented by national parks."--Introduction. |
| 520 | 3 |aThe purpose of this report is to familiarize the reader with the 39 terrestrial national park regions of Canada (Map 1), to identify regions presently represented by national parks, and to introduce those regions not yet represented by national parks.--Introduction |
| 563 | |aSpiral binding |
| 590 | |a97-18|b1997-05-02 |
| 690 | 07|aNational parks|2gcpds |
| 775 | 08|tPlan de réseau des parcs nationaux |w(CaOODSP)9.679987 |
| 776 | 0#|tNational park system plan |w(CaOODSP)9.695723 |